000 00706cam a2200241 a 4500
008
020 _a0130920142 (pbk.)
049 _aMAIN
090 _aQA303.5.C65
_bGRE
100 1 _aGresser, John T.
245 1 2 _aA Maple approach to calculus /
_cJohn T. Gresser.
250 _a2nd ed.
260 _aUpper Saddle River, NJ :
_bPrentice Hall,
_cc2002.
300 _a347 p. :
_bill. ;
_c26 cm.
500 _aIncludes index.
650 0 _aCalculus
_xComputer-assisted instruction.
630 0 0 _aMaple (Computer file)
907 _a.b10346375
_b15-10-14
_c13-08-14
003
005 20230123122106.0
040 _cNUST
942 _cBOOKS
_kQA303.5.C65
_mGRE
999 _c127652
_d127652